[Event "DVM U20 2012"]
[Site "Osnabrück GER"]
[Date "2012.12.29"]
[Round "6"]
[White "Zimmermann, Ulrich"]
[Black "Wöllermann, Jan"]
[Result "1-0"]
[Termination "normal"]
[Board "1.1"]
[WhiteElo "2243"]
[BlackElo "2166"]
[WhiteTeam "SK Bebenhausen 1992"]
[BlackTeam "Hagener SV"]
[WhiteFideId "24654523"]
[BlackFideId "24661155"]
[EventCountry "GER"]
[EventRounds "7"]
[EventType "team-swiss"]
[EventDate "2012.12.26"]

1. e4 e5 2. Nc3 Nf6 3. Nf3 Nc6 4. d4 exd4 5. Nxd4 Bb4 6. Nxc6 bxc6 7. Bd3 d5 8.
exd5 cxd5 9. O-O O-O 10. Bg5 c6 11. Qf3 h6 12. Bxf6 Qxf6 13. Qxf6 gxf6 14. Na4
Re8 15. a3 Bd6 16. b4 f5 17. f4 Kg7 18. g3 Kf6 19. Kf2 Be6 20. Nc5 Bxc5+ 21.
bxc5 d4 22. Rab1 Red8 23. Rb4 Rd5 24. Re1 a5 25. Ra4 Rxc5 26. Rxd4 Rc3 27. Ra4
c5 28. Ke2 Bd7 29. Rc4 Rxa3 30. Rxc5 Re8+ 31. Kd2 Rxe1 32. Kxe1 Ra1+ 33. Kd2 a4
34. Ra5 Rh1 35. Ra6+ Ke7 36. Ra7 Rxh2+ 37. Ke3 Kd6 38. Kd4 Rg2 39. c4 Rxg3 40.
c5+ Kc6 41. Bc2 Rb3 42. Bxb3 axb3 43. Ra6+ Kc7 44. Rxh6 Be6 45. Rh1 Kc6 46. Ra1
Bc8 47. Ra3 Be6 48. Ra6+ Kc7 49. Ke5 Bc4 50. Rb6 Be6 51. Kf6 Kd7 52. Ke5 Kc7
53. Kd4 Kd7 54. Kc3 Kc7 55. Kb4 Bd5 56. Ka3 Bc4 57. Rb4 Be6 58. Rxb3 Kc6 59.
Rc3 Kd5 60. Kb4 Ke4 61. Rc4+ Bxc4 62. Kxc4 Kxf4 63. c6 Ke3 64. c7 f4 65. c8=Q
f3 66. Qe8+ Kf2 67. Kd3 f5 68. Qe3+ Kg2 69. Qg5+ Kh1 70. Qh4+ 1-0

[Event "DVM U20 2012"]
[Site "Osnabrück GER"]
[Date "2012.12.29"]
[Round "6"]
[White "Böhning, Kilian"]
[Black "Braun, Georg"]
[Result "0-1"]
[Termination "normal"]
[Board "1.2"]
[WhiteElo "1893"]
[BlackElo "2186"]
[WhiteTeam "Hagener SV"]
[BlackTeam "SK Bebenhausen 1992"]
[WhiteFideId "1270499"]
[BlackFideId "24629383"]
[EventCountry "GER"]
[EventRounds "7"]
[EventType "team-swiss"]
[EventDate "2012.12.26"]

1. e4 c6 2. d4 d5 3. Nd2 dxe4 4. Nxe4 Bf5 5. Ng3 Bg6 6. Nf3 Nd7 7. h4 h6 8. h5
Bh7 9. Bd3 Bxd3 10. Qxd3 e6 11. Bf4 Qa5+ 12. Qd2 Qxd2+ 13. Nxd2 O-O-O 14. Nge4
Ngf6 15. c3 Nxe4 16. Nxe4 Be7 17. b4 Nf6 18. Nxf6 Bxf6 19. O-O-O Rd5 20. Rde1
Bg5 21. Bxg5 Rxg5 22. g3 Rd8 23. Re4 a5 24. a3 Rdd5 25. g4 e5 26. Rhe1 exd4 27.
cxd4 axb4 28. axb4 Rd7 29. Kc2 f5 30. gxf5 Rxf5 31. f4 Rxh5 32. Rg1 Kc7 33. Rg3
Rh2+ 34. Kc3 Rf2 35. Rh3 Rf7 36. Rg3 Rf1 37. Kb3 Kd6 38. Rg6+ Kc7 39. Rge6 Rf3+
40. Kc2 R3xf4 41. Rxf4 Rxf4 42. Re7+ Kb6 43. Rxg7 Rxd4 44. Kc3 Rd6 45. Rh7 Rg6
46. Kc4 Ka6 47. Kc5 Rg5+ 48. Kc4 h5 49. Rh6 Kb6 50. Rh7 Rg4+ 51. Kc3 h4 52. Kb3
Ka6 53. Rh6 Kb6 54. Rh7 Rg3+ 55. Kc4 Rh3 0-1

[Event "DVM U20 2012"]
[Site "Osnabrück GER"]
[Date "2012.12.29"]
[Round "6"]
[White "Wenninger, Philipp"]
[Black "Rieping, Heiner"]
[Result "1-0"]
[Termination "normal"]
[Board "1.3"]
[WhiteElo "2220"]
[BlackElo "1894"]
[WhiteTeam "SK Bebenhausen 1992"]
[BlackTeam "Hagener SV"]
[WhiteFideId "4648404"]
[BlackFideId "24647012"]
[EventCountry "GER"]
[EventRounds "7"]
[EventType "team-swiss"]
[EventDate "2012.12.26"]

1. d4 d5 2. c4 e6 3. g3 f5 4. Bg2 Nf6 5. Nh3 Be7 6. Nd2 O-O 7. O-O c6 8. Qc2
Ne4 9. f3 Nxd2 10. Bxd2 Bf6 11. e3 Bd7 12. b3 Be8 13. Bc3 Bg6 14. Nf4 Qd6 15.
Rae1 Nd7 16. c5 Qe7 17. e4 Qf7 18. b4 fxe4 19. fxe4 e5 20. dxe5 Bxe5 21. Bxe5
Nxe5 22. Qc3 d4 23. Qxd4 Qe7 24. Bh3 Bf7 25. Be6 Nf3+ 26. Rxf3 Bxe6 27. Rf2
Rfe8 28. Rd1 Bg4 29. Qc4+ Kh8 30. Rd4 a5 31. h3 Bc8 32. e5 Bf5 33. g4 Bc8 34.
a3 axb4 35. axb4 g5 36. Nd3 Ra1+ 37. Kh2 Be6 38. Qc3 Rb1 39. Nc1 Ra8 40. Qd2
Bd5 41. Rf5 Raa1 42. Rxd5 cxd5 43. Ne2 Rd1 44. Qe3 h6 45. e6 Rf1 46. Qe5+ Kg8
47. Qd6 Qxd6+ 48. cxd6 Rxf5 49. gxf5 Kf8 50. f6 Ra2 51. d7 Rxe2+ 52. Kg3 Rxe6
53. d8=Q+ Kf7 54. Qxd5 Kxf6 55. Qxb7 1-0

[Event "DVM U20 2012"]
[Site "Osnabrück GER"]
[Date "2012.12.29"]
[Round "6"]
[White "Lebeda, Timo"]
[Black "Wierum, Colin"]
[Result "1-0"]
[Termination "normal"]
[Board "1.5"]
[WhiteElo "2047"]
[BlackElo "1910"]
[WhiteTeam "SK Bebenhausen 1992"]
[BlackTeam "Hagener SV"]
[WhiteFideId "4638565"]
[BlackFideId "24677981"]
[EventCountry "GER"]
[EventRounds "7"]
[EventType "team-swiss"]
[EventDate "2012.12.26"]

1. c4 f5 2. Nf3 Nf6 3. Nc3 g6 4. g3 Bg7 5. Bg2 O-O 6. O-O d6 7. d4 Qe8 8. Qb3
Nc6 9. Nb5 Qd7 10. c5+ Kh8 11. d5 Nd8 12. cxd6 exd6 13. Be3 c6 14. Nxa7 Nxd5
15. Nxc8 Rxc8 16. Bd4 Re8 17. e3 Nc7 18. Rfd1 d5 19. h4 Nce6 20. Bxg7+ Qxg7 21.
Qc2 Nf7 22. b4 Nd6 23. a4 Re7 24. Qb3 Ne4 25. Nd4 h6 26. Rac1 Nxd4 27. Rxd4 g5
28. hxg5 Qxg5 29. Rxd5 Rce8 30. Rd3 h5 31. Bxe4 Rxe4 32. Kg2 f4 33. exf4 Rxf4
34. Rc5 Rf5 35. Rxf5 Qxf5 36. Rf3 Qg4 37. Qf7 Re4 38. Qf8+ Kh7 39. Rf7+ 1-0

[Event "DVM U20 2012"]
[Site "Osnabrück GER"]
[Date "2012.12.29"]
[Round "6"]
[White "Rau, Nikita"]
[Black "Alber, Alexander"]
[Result "1-0"]
[Termination "normal"]
[Board "1.6"]
[WhiteElo "1840"]
[BlackElo "1928"]
[WhiteTeam "Hagener SV"]
[BlackTeam "SK Bebenhausen 1992"]
[WhiteFideId "12902543"]
[BlackFideId "4640039"]
[EventCountry "GER"]
[EventRounds "7"]
[EventType "team-swiss"]
[EventDate "2012.12.26"]

1. e4 c5 2. Nf3 d6 3. d4 cxd4 4. Nxd4 Nf6 5. Nc3 a6 6. Be2 e5 7. Nb3 Be7 8. O-O
O-O 9. Be3 Be6 10. Qd2 Nbd7 11. a4 Rc8 12. a5 Qc7 13. Rfd1 Rfe8 14. f3 Bf8 15.
Nc1 Nc5 16. N1a2 Bxa2 17. Rxa2 Ne6 18. Kh1 Qc6 19. Raa1 Nc7 20. g4 Red8 21. Bb6
Nd7 22. Be3 Nf6 23. Bb6 Nd7 24. Be3 Nb5 25. Bxb5 axb5 26. Rac1 b6 27. a6 Ra8
28. Nd5 Nc5 29. h4 Rdb8 30. h5 Nxa6 31. h6 Rb7 32. hxg7 Bxg7 33. g5 Qd7 34. Qg2
Kh8 35. Nxb6 Rxb6 36. Bxb6 Rb8 37. Be3 Rc8 38. Qg4 Qxg4 39. fxg4 Bf8 40. Kg2
Rc4 41. Kf3 Be7 42. Ra1 Nb4 43. c3 Nc2 44. Ra8+ Kg7 45. Bd2 b4 46. b3 Rc5 47.
cxb4 Nd4+ 48. Ke3 Rc6 49. Kd3 Nxb3 50. Be3 Nd4 51. Bxd4 exd4 52. Kxd4 Bxg5 53.
Rb1 Bd2 54. b5 Bc3+ 55. Kd5 Rc5+ 56. Kxd6 Rg5 57. b6 Be5+ 58. Kd7 Rxg4 59. b7
Rxe4 60. b8=Q Bxb8 61. Raxb8 h5 62. Rg1+ Rg4 63. Rxg4+ hxg4 64. Rb4 f5 65. Ke6
Kg6 66. Ke5 Kg5 67. Rb8 g3 68. Rg8+ Kh4 69. Kf4 Kh5 70. Rxg3 Kh4 71. Rg8 Kh5
72. Kxf5 Kh6 73. Rg1 Kh7 74. Kf6 Kh8 75. Rh1+ Kg8 76. Re1 Kh7 77. Rg1 Kh8 78.
Kf7 Kh7 79. Rh1# 1-0

[Event "DVM U20 2012"]
[Site "Osnabrück GER"]
[Date "2012.12.29"]
[Round "6"]
[White "Tkachuk, Konstantyn"]
[Black "Colpe, Malte"]
[Result "1/2-1/2"]
[Termination "normal"]
[Board "2.1"]
[WhiteElo "2217"]
[BlackElo "2348"]
[WhiteTeam "Schachgesellschaft Bochum 1931"]
[BlackTeam "Hamburger SK von 1830"]
[WhiteFideId "24647330"]
[BlackFideId "24623075"]
[EventCountry "GER"]
[EventRounds "7"]
[EventType "team-swiss"]
[EventDate "2012.12.26"]

1. e4 c5 2. Nf3 d6 3. d4 cxd4 4. Nxd4 Nf6 5. Nc3 a6 6. Bg5 e6 7. f4 h6 8. Bxf6
Qxf6 9. Qd2 Nc6 10. Nf3 Bd7 11. O-O-O Qd8 12. Bd3 Be7 13. Kb1 Qa5 14. g4 g5 15.
h4 O-O-O 16. hxg5 hxg5 17. Nxg5 Bxg5 18. fxg5 Rhg8 19. Rh5 Ne5 20. Be2 Bc6 21.
Qf4 1/2-1/2

[Event "DVM U20 2012"]
[Site "Osnabrück GER"]
[Date "2012.12.29"]
[Round "6"]
[White "Meißner, Felix"]
[Black "Mazarov, Jürgen"]
[Result "1/2-1/2"]
[Termination "normal"]
[Board "2.2"]
[WhiteElo "2255"]
[BlackElo "2158"]
[WhiteTeam "Hamburger SK von 1830"]
[BlackTeam "Schachgesellschaft Bochum 1931"]
[WhiteFideId "24671827"]
[BlackFideId "24617768"]
[EventCountry "GER"]
[EventRounds "7"]
[EventType "team-swiss"]
[EventDate "2012.12.26"]

1. d4 d5 2. c4 dxc4 3. e3 Nf6 4. Bxc4 e6 5. Nf3 Be7 6. O-O O-O 7. Nc3 c5 8.
dxc5 Qxd1 9. Rxd1 Bxc5 10. a3 a6 11. b4 Be7 12. Bb2 b5 13. Be2 Bb7 14. Nd4 Nbd7
15. Nb3 Rac8 16. Rac1 Rfd8 17. Na5 Ba8 18. Na2 Bd5 19. Nc3 Ba8 20. Na2 Bd5
1/2-1/2

[Event "DVM U20 2012"]
[Site "Osnabrück GER"]
[Date "2012.12.29"]
[Round "6"]
[White "Kahleys, Kevin"]
[Black "Doberitz, Paul"]
[Result "1/2-1/2"]
[Termination "normal"]
[Board "2.3"]
[WhiteElo "2189"]
[BlackElo "2237"]
[WhiteTeam "Schachgesellschaft Bochum 1931"]
[BlackTeam "Hamburger SK von 1830"]
[WhiteFideId "24669601"]
[BlackFideId "24646130"]
[EventCountry "GER"]
[EventRounds "7"]
[EventType "team-swiss"]
[EventDate "2012.12.26"]

1. Nf3 Nf6 2. c4 g6 3. g3 Bg7 4. Bg2 O-O 5. O-O c5 6. d4 cxd4 7. Nxd4 Nc6 8.
Nc3 Nxd4 9. Qxd4 d6 10. Qd3 Qa5 11. Bd2 Qh5 12. Qf3 Qxf3 13. Bxf3 Bd7 14. Rac1
Rac8 15. b3 Bc6 16. Nd5 Nxd5 17. cxd5 Bb5 18. Rxc8 Rxc8 19. Rc1 Rxc1+ 20. Bxc1
Bd4 21. a4 Bd7 22. Kg2 Kf8 23. e3 Bc3 24. e4 b5 25. Bd1 Ke8 26. Be3 a5 27. Bb6
f5 28. f3 Kf7 29. Kf2 Kf6 30. Bd8 Bb4 31. Ke3 Kf7 32. g4 fxg4 33. fxg4 g5 34.
h3 1/2-1/2

[Event "DVM U20 2012"]
[Site "Osnabrück GER"]
[Date "2012.12.29"]
[Round "6"]
[White "Gharibyan, Harutyun"]
[Black "Butschek, Marc"]
[Result "0-1"]
[Termination "normal"]
[Board "2.4"]
[WhiteElo "2138"]
[BlackElo "1958"]
[WhiteTeam "Hamburger SK von 1830"]
[BlackTeam "Schachgesellschaft Bochum 1931"]
[WhiteFideId "24632058"]
[BlackFideId "4630904"]
[EventCountry "GER"]
[EventRounds "7"]
[EventType "team-swiss"]
[EventDate "2012.12.26"]

1. d4 f5 2. g3 g6 3. Bg2 Nf6 4. Nf3 d6 5. O-O Bg7 6. b3 O-O 7. Bb2 Nbd7 8. c4
h6 9. Qc2 Qe8 10. Nc3 c6 11. e4 f4 12. d5 g5 13. gxf4 gxf4 14. Ne2 Ng4 15. Ned4
Nde5 16. h3 Nf6 17. Nxe5 dxe5 18. Ne6 Bxe6 19. dxe6 Qh5 20. Qd1 Qg5 21. Qf3 Nh7
22. Rfd1 Qg6 23. h4 Qxe6 24. Qh3 Qg6 25. f3 Rad8 26. Bc3 Bf6 27. Qe6+ Qf7 28.
Bh3 Bxh4 29. Qxh6 Qg7+ 30. Qxg7+ Kxg7 31. Kf1 Kf6 32. Ke2 Ng5 33. Bg4 Ne6 34.
Bb2 Rh8 35. Rxd8 Rxd8 36. Rd1 Rg8 37. Rd7 Nc5 38. Rc7 Nxe4 39. Rxb7 Nf2 40. Bd7
Rg2 41. Kf1 Rh2 42. Bxc6 Nd1 43. Ba3 Ne3+ 44. Kg1 Rg2+ 45. Kh1 Rg7 46. Be4 Bf2
47. Rb8 Rg1+ 48. Kh2 Nf1+ 0-1

[Event "DVM U20 2012"]
[Site "Osnabrück GER"]
[Date "2012.12.29"]
[Round "6"]
[White "Weidmann, Kevin"]
[Black "Thanabalasingam, Ajandhan"]
[Result "0-1"]
[Termination "normal"]
[Board "2.6"]
[WhiteElo "1710"]
[BlackElo "2002"]
[WhiteTeam "Hamburger SK von 1830"]
[BlackTeam "Schachgesellschaft Bochum 1931"]
[WhiteFideId "12939994"]
[BlackFideId "24601659"]
[EventCountry "GER"]
[EventRounds "7"]
[EventType "team-swiss"]
[EventDate "2012.12.26"]

1. e4 c5 2. Nf3 d6 3. d4 cxd4 4. Nxd4 Nf6 5. Nc3 a6 6. Bc4 e6 7. Bb3 b5 8. Bg5
Be7 9. Qf3 Qb6 10. O-O-O Nbd7 11. Rhe1 O-O 12. Qg3 Nc5 13. f4 Bb7 14. e5 dxe5
15. fxe5 Nxb3+ 16. axb3 Nh5 17. Qg4 Bxg5+ 18. Qxg5 g6 19. g4 Ng7 20. Ne4 Bxe4
21. Rxe4 Qc5 22. h4 Rac8 23. Qh6 Rfd8 24. Rd2 Rd5 25. Nf3 Rcd8 26. Ree2 Rxd2
27. Rxd2 Rxd2 28. Qxd2 Qd5 29. Qxd5 exd5 30. Nd4 Kf8 31. Kd2 h6 32. Kc3 Ke7 33.
Nc6+ Ke6 34. Kd4 Ne8 35. Nd8+ Ke7 36. Nc6+ Ke6 37. Nd8+ Ke7 38. Nb7 Nc7 39. Nc5
Ke8 40. c3 Ke7 41. Nd3 Kd7 42. Kc5 a5 43. Nf4 Ne6+ 44. Nxe6 Kxe6 45. Kxb5 Kxe5
46. Kxa5 f5 47. gxf5 gxf5 48. b4 f4 49. b5 f3 50. b6 Kd6 51. Ka6 f2 52. b7
f1=Q+ 53. Ka7 Qa1+ 54. Kb6 Qxb2+ 55. Ka7 Kc7 56. h5 Qxb7# 0-1

[Event "DVM U20 2012"]
[Site "Osnabrück GER"]
[Date "2012.12.29"]
[Round "6"]
[White "Strathoff, Jens"]
[Black "Meier, Lars"]
[Result "1/2-1/2"]
[Termination "normal"]
[Board "3.1"]
[WhiteElo "2112"]
[BlackElo "2020"]
[WhiteTeam "Schachfreunde Brackel 1930"]
[BlackTeam "Frankfurter TV 1860"]
[WhiteFideId "4699084"]
[BlackFideId "24602396"]
[EventCountry "GER"]
[EventRounds "7"]
[EventType "team-swiss"]
[EventDate "2012.12.26"]

1. e4 d5 2. exd5 Nf6 3. Nf3 Nxd5 4. d4 Nc6 5. Bb5 Bd7 6. c4 Nb6 7. O-O e6 8.
Re1 Bb4 9. Nc3 O-O 10. a3 Bxc3 11. bxc3 a6 12. Bxc6 Bxc6 13. Ne5 Ba4 14. Qd3
Nd7 15. Nf3 Qf6 16. Rb1 Rab8 17. Rb2 Qg6 18. Qe2 Qh5 19. Bf4 Rfc8 20. Reb1 Bc6
21. Bg3 Qa5 22. Rb3 Qh5 23. R3b2 Qa5 24. Rb3 Qh5 25. Qe3 Bxf3 26. Qxf3 Qxf3 27.
gxf3 b6 28. a4 Ra8 29. a5 h6 30. Kf1 g5 31. h4 f5 32. hxg5 hxg5 33. f4 g4 34.
f3 gxf3 35. Kf2 Rab8 36. Kxf3 bxa5 37. Rxb8 Rxb8 38. Ra1 Rb3 39. Be1 Nb6 40.
Rxa5 Nxc4 41. Rxa6 Nd6 42. Ke2 Kf7 1/2-1/2

[Event "DVM U20 2012"]
[Site "Osnabrück GER"]
[Date "2012.12.29"]
[Round "6"]
[White "Medvedovski, Michael"]
[Black "Böhm, Malte"]
[Result "1-0"]
[Termination "normal"]
[Board "3.2"]
[WhiteElo "1922"]
[BlackElo "2011"]
[WhiteTeam "Frankfurter TV 1860"]
[BlackTeam "Schachfreunde Brackel 1930"]
[WhiteFideId "24600830"]
[BlackFideId "1270629"]
[EventCountry "GER"]
[EventRounds "7"]
[EventType "team-swiss"]
[EventDate "2012.12.26"]

1. e4 c5 2. Nf3 d6 3. d4 cxd4 4. Nxd4 Nf6 5. Nc3 a6 6. Bc4 Nbd7 7. O-O Qc7 8.
Bb3 e6 9. Re1 Nc5 10. Bg5 Be7 11. a4 b6 12. Ba2 h6 13. Bh4 Nfxe4 14. Nxe4 Bxh4
15. Qg4 Bxf2+ 16. Nxf2 O-O 17. Qe2 e5 18. Bd5 Bb7 19. Bxb7 Qxb7 20. Nf5 Qd7 21.
Qg4 h5 22. Qxg7# 1-0

[Event "DVM U20 2012"]
[Site "Osnabrück GER"]
[Date "2012.12.29"]
[Round "6"]
[White "Diyap, Murat"]
[Black "Schwiddessen, Jan"]
[Result "1/2-1/2"]
[Termination "normal"]
[Board "3.4"]
[WhiteElo "1940"]
[BlackElo "1837"]
[WhiteTeam "Frankfurter TV 1860"]
[BlackTeam "Schachfreunde Brackel 1930"]
[WhiteFideId "1272104"]
[BlackFideId "1270631"]
[EventCountry "GER"]
[EventRounds "7"]
[EventType "team-swiss"]
[EventDate "2012.12.26"]

1. e4 c5 2. Nf3 d6 3. d4 cxd4 4. Nxd4 Nf6 5. Nc3 a6 6. Be2 e5 7. Nb3 Be7 8. Bg5
Be6 9. Qd2 Nbd7 10. O-O O-O 11. Rad1 b5 12. a3 Rc8 13. f3 Rc6 14. Bxf6 Bxf6 15.
Nd5 Bg5 16. Qd3 Bxd5 17. exd5 Qb6+ 18. Kh1 Rc7 19. c3 f5 20. Qc2 g6 21. g3 Nf6
22. f4 exf4 23. gxf4 Bh6 24. Nd4 Re7 25. Bf3 Bxf4 26. Ne6 Be5 27. Nxf8 Kxf8 28.
a4 bxa4 29. Ra1 Rb7 30. Rf2 Nd7 31. Bg4 Ke7 32. Bxf5 gxf5 33. Qxf5 Nf6 34. Qe6+
Kd8 35. Rxf6 Bxf6 36. Qxf6+ Kc8 37. Rxa4 Qc5 38. Qh8+ Kc7 39. Qxh7+ Kb8 40.
Qg8+ Ka7 41. Qg1 Qxg1+ 42. Kxg1 Rxb2 43. h4 Rd2 44. h5 Rxd5 45. Rh4 Rg5+ 46.
Kf2 Kb6 47. h6 Rg8 48. h7 Rh8 49. Ke3 Kc5 50. Kd3 Kd5 51. Rh5+ Kc6 52. c4 Kc7
53. Kc3 Kb7 54. Kb4 Ka7 55. Ka5 Kb7 56. Rh6 Ka7 57. Rxd6 Rxh7 58. Rxa6+ Kb7 59.
Rb6+ Kc7 60. Rg6 Rh5+ 1/2-1/2

[Event "DVM U20 2012"]
[Site "Osnabrück GER"]
[Date "2012.12.29"]
[Round "6"]
[White "van Klev, Fabian"]
[Black "Pham-Tran, Phuong-Bao"]
[Result "1-0"]
[Termination "normal"]
[Board "3.5"]
[WhiteElo "1788"]
[BlackElo "1808"]
[WhiteTeam "Schachfreunde Brackel 1930"]
[BlackTeam "Frankfurter TV 1860"]
[WhiteFideId "12964255"]
[BlackFideId "12939196"]
[EventCountry "GER"]
[EventRounds "7"]
[EventType "team-swiss"]
[EventDate "2012.12.26"]

1. Nf3 Nf6 2. d4 d5 3. c4 c6 4. Nc3 g6 5. Bf4 Bg7 6. e3 O-O 7. Bd3 Nbd7 8. cxd5
cxd5 9. h3 Nb6 10. O-O Bd7 11. Qe2 Bc6 12. Ne5 Nfd7 13. Nxc6 bxc6 14. Ba6 e5
15. dxe5 Nxe5 16. Bxe5 Bxe5 17. Bb7 Qd7 18. Bxa8 Rxa8 19. Rfd1 Re8 20. Qd3 f5
21. a4 Qb7 22. b3 Nd7 23. Rab1 Nc5 24. Qc2 Ne4 25. Nxe4 fxe4 26. b4 Rc8 27. Qb3
Rd8 28. b5 c5 29. Rbc1 c4 30. Rxc4 dxc4 31. Rxd8+ 1-0

[Event "DVM U20 2012"]
[Site "Osnabrück GER"]
[Date "2012.12.29"]
[Round "6"]
[White "Abrahamyan, Arsen"]
[Black "Gesinghaus, Dustin"]
[Result "1/2-1/2"]
[Termination "normal"]
[Board "3.6"]
[WhiteElo "1753"]
[BlackElo "1609"]
[WhiteTeam "Frankfurter TV 1860"]
[BlackTeam "Schachfreunde Brackel 1930"]
[WhiteFideId "1271755"]
[BlackFideId "12964271"]
[EventCountry "GER"]
[EventRounds "7"]
[EventType "team-swiss"]
[EventDate "2012.12.26"]

1. e4 e5 2. Nf3 Nc6 3. Bb5 a6 4. Ba4 b5 5. Bb3 Bc5 6. c3 Nf6 7. d3 O-O 8. Nbd2
d5 9. O-O dxe4 10. dxe4 Bg4 11. Bc2 Bb6 12. Qe2 Qe7 13. Nb3 h6 14. Be3 Rfd8 15.
Rad1 Rxd1 16. Rxd1 Rd8 17. Rxd8+ Qxd8 18. Nc5 Qc8 19. a4 Bxc5 20. Bxc5 Qb7 21.
axb5 axb5 22. Qe3 Nd7 23. h3 Bxf3 24. gxf3 Nd8 25. Qd3 Qc6 26. Be3 Ne6 27. Bb3
Nf4 28. Bxf4 exf4 29. Kf1 Ne5 30. Qd8+ Kh7 31. Ke2 Nc4 32. Bxc4 Qxc4+ 33. Ke1
c5 34. Qd6 g5 35. Qd7 b4 36. Qf5+ Kg7 37. Qe5+ Kh7 1/2-1/2

[Event "DVM U20 2012"]
[Site "Osnabrück GER"]
[Date "2012.12.29"]
[Round "6"]
[White "Mons, Leon"]
[Black "Borgmeyer, Max"]
[Result "1-0"]
[Termination "normal"]
[Board "4.1"]
[WhiteTitle "FM"]
[WhiteElo "2339"]
[BlackElo "2111"]
[WhiteTeam "SC Forchheim"]
[BlackTeam "Königsspringer Hamburg"]
[WhiteFideId "4614950"]
[BlackFideId "24615870"]
[EventCountry "GER"]
[EventRounds "7"]
[EventType "team-swiss"]
[EventDate "2012.12.26"]

1. e4 c5 2. Nc3 Nc6 3. Bb5 Nd4 4. Bc4 e6 5. Nge2 Nxe2 6. Qxe2 a6 7. a4 d6 8. d3
Ne7 9. Bg5 h6 10. Bh4 g5 11. Bg3 Bg7 12. f4 Bd4 13. Nd1 Ng6 14. f5 Nf4 15. Qf3
d5 16. Ba2 exf5 17. exd5 Ng6 18. c3 f4 19. cxd4 Qa5+ 20. Nc3 fxg3 21. O-O gxh2+
22. Kh1 O-O 23. Ne4 cxd4 24. Qf6 Qd8 25. d6 Qxf6 26. Nxf6+ Kg7 27. d7 Nf4 28.
Ne8+ 1-0

[Event "DVM U20 2012"]
[Site "Osnabrück GER"]
[Date "2012.12.29"]
[Round "6"]
[White "Stanau, Guido"]
[Black "Miller, Eduard"]
[Result "0-1"]
[Termination "normal"]
[Board "4.2"]
[WhiteElo "2078"]
[BlackElo "2137"]
[WhiteTeam "Königsspringer Hamburg"]
[BlackTeam "SC Forchheim"]
[WhiteFideId "24692255"]
[BlackFideId "24687022"]
[EventCountry "GER"]
[EventRounds "7"]
[EventType "team-swiss"]
[EventDate "2012.12.26"]

1. e4 c5 2. c3 d5 3. exd5 Qxd5 4. d4 Nc6 5. Nf3 Bg4 6. dxc5 Qxd1+ 7. Kxd1 e5 8.
b4 a5 9. Bb5 Nge7 10. Kc2 f6 11. Nbd2 Nd5 12. Nc4 axb4 13. Nb6 Nxb6 14. cxb6
Bc5 15. Be3 Bxe3 16. fxe3 Ke7 17. Bxc6 bxc6 18. cxb4 Rhb8 19. e4 Rxb6 20. a3 c5
21. bxc5 Rc8 22. Rhc1 Rxc5+ 23. Kd3 Rb3+ 24. Ke2 Rxc1 25. Rxc1 Rxa3 26. Rc7+
Bd7 27. Nd2 Ra2 28. Rb7 Kd6 29. Rb3 Bc6 30. Rd3+ Ke6 31. Ke3 g6 32. g4 Ra1 33.
Nf3 Rf1 34. Rc3 Ba4 35. Ra3 Bd1 36. Ra6+ Kf7 37. Ra7+ Kg8 38. Ra8+ Kg7 39. Ra7+
Kf8 40. Ra8+ Ke7 41. Ra7+ Kd8 42. Nd2 Re1+ 43. Kd3 Be2+ 44. Kc3 h5 45. gxh5
Bxh5 46. Ra8+ Ke7 47. Ra7+ Kf8 48. Ra6 Kg7 49. Re6 Rh1 0-1

[Event "DVM U20 2012"]
[Site "Osnabrück GER"]
[Date "2012.12.29"]
[Round "6"]
[White "Killmann, Martin"]
[Black "Lock, Adrian"]
[Result "1/2-1/2"]
[Termination "normal"]
[Board "4.3"]
[WhiteElo "1808"]
[BlackElo "2052"]
[WhiteTeam "SC Forchheim"]
[BlackTeam "Königsspringer Hamburg"]
[WhiteFideId "24651559"]
[BlackFideId "24651290"]
[EventCountry "GER"]
[EventRounds "7"]
[EventType "team-swiss"]
[EventDate "2012.12.26"]

1. d4 d5 2. c4 dxc4 3. Nf3 Nf6 4. e3 e6 5. Bxc4 a6 6. a4 c5 7. O-O Be7 8. Qe2
cxd4 9. Rd1 Nc6 10. exd4 O-O 11. Nc3 Nb4 12. Bg5 Re8 13. Ne5 Nbd5 14. Qf3 Nxc3
15. bxc3 Qc7 16. Bd3 Rf8 17. Qh3 g6 18. Qf3 Kg7 19. Qf4 Ng8 20. Bxe7 Qxe7 21.
Be4 Qf6 22. Qg3 Ne7 23. Ng4 Qg5 24. h4 Qh5 25. Bf3 Qa5 26. Rab1 Nf5 27. Qf4 h5
28. Qe5+ Qxe5 29. Nxe5 Nxh4 30. Bxb7 Ra7 31. Be4 Rc7 32. Rdc1 Rd8 33. Nd3 f5
34. Bf3 Nxf3+ 35. gxf3 Rc4 36. Rb8 Kh6 37. Ne5 Rc7 38. f4 Rxd4 39. cxd4 Rxc1+
40. Kg2 Kg7 41. Nd3 Rc7 42. Nc5 Kf6 43. Rb6 Ke7 44. a5 1/2-1/2

[Event "DVM U20 2012"]
[Site "Osnabrück GER"]
[Date "2012.12.29"]
[Round "6"]
[White "Raider, Eugen"]
[Black "Stephan, Michael"]
[Result "1-0"]
[Termination "normal"]
[Board "4.4"]
[WhiteElo "1890"]
[BlackElo "1867"]
[WhiteTeam "Königsspringer Hamburg"]
[BlackTeam "SC Forchheim"]
[WhiteFideId "24657352"]
[BlackFideId "24656852"]
[EventCountry "GER"]
[EventRounds "7"]
[EventType "team-swiss"]
[EventDate "2012.12.26"]

1. Nc3 c5 2. Nf3 Nc6 3. d4 cxd4 4. Nxd4 g6 5. Bg5 Bg7 6. Ndb5 d6 7. Nd5 Rb8 8.
e4 a6 9. Nbc7+ Kf8 10. Be3 Bxb2 11. Bb6 Qd7 12. Rb1 Be5 13. f4 Bg7 14. Rb3 e6
15. Ne3 Bf6 16. Rd3 Bd8 17. Rxd6 Qe7 18. Bc5 Bxc7 19. Rxc6 bxc6 20. Bxe7+ Kxe7
21. Qd4 Rb1+ 22. Ke2 f6 23. Qc5+ Bd6 24. Qa7+ Bd7 25. Nc4 c5 26. Nb6 Re1+ 27.
Kxe1 1-0

[Event "DVM U20 2012"]
[Site "Osnabrück GER"]
[Date "2012.12.29"]
[Round "6"]
[White "Mann, Johannes"]
[Black "Pfreundt, Jakob"]
[Result "0-1"]
[Termination "normal"]
[Board "4.5"]
[WhiteElo "1904"]
[BlackElo "1871"]
[WhiteTeam "SC Forchheim"]
[BlackTeam "Königsspringer Hamburg"]
[WhiteFideId "24691380"]
[BlackFideId "12918156"]
[EventCountry "GER"]
[EventRounds "7"]
[EventType "team-swiss"]
[EventDate "2012.12.26"]

1. e4 c6 2. d4 d5 3. Nc3 dxe4 4. Nxe4 Bf5 5. Ng3 Bg6 6. Nf3 Nd7 7. h4 h6 8. h5
Bh7 9. Bd3 Bxd3 10. Qxd3 e6 11. Bf4 Qa5+ 12. Bd2 Bb4 13. c3 Be7 14. c4 Qc7 15.
O-O-O Ngf6 16. Ne4 O-O 17. Rdg1 Ng4 18. Qe2 b5 19. Ne1 Ngf6 20. g4 Nxe4 21.
Qxe4 Nf6 22. Qg2 Nh7 23. f4 f6 24. Qe2 bxc4 25. Qxe6+ Kh8 26. Qxc4 Rab8 27. Nd3
Rfd8 28. Re1 Bf8 29. Bc3 Bd6 30. Re4 Re8 31. Rhe1 Rxe4 32. Rxe4 f5 33. gxf5 Nf6
34. Re6 Bxf4+ 35. Kc2 Rc8 36. Ne5 Bxe5 37. dxe5 Nd5 38. Bd2 Qb6 39. Rd6 Rb8 40.
b3 Qf2 41. Qe4 Rb4 42. Qe1 Qxf5+ 43. Kc1 Re4 44. Qg3 Rg4 45. Qe1 Rg2 46. e6 Nb4
47. Kb2 Qc2+ 48. Ka3 a5 49. Qa1 Rxd2 50. Rxd2 Qxd2 51. Qb1 Qe2 52. Ka4 Qxe6 53.
Kxa5 Nd5 54. Qg1 Qe7 55. Qf2 Qa3# 0-1